000 00493pab a2200157 454500
008 180718b2005 xxu||||| |||| 00| 0 eng d
100 _aDunleavy, Patrick
245 _aFacing up to multi-party politics: how partisan dealignment and PR voting have fundamentally changed Britain's party systems
260 _c2005
300 _ap.503-32.
362 _aJul
650 _aPolitical parties - Great Britain
650 _aPolitical parties
773 _aParliamentary Affairs
909 _a67082
999 _c67082
_d67082